UBT Library

Politikat Zhvillimore : (Record no. 116)

000 -LEADER
fixed length control field 00612nam a22001937a 4500
008 - FIXED-LENGTH DATA ELEMENTS--GENERAL INFORMATION
fixed length control field 131016b xxu||||| |||| 00| 0 alb d
041 0# - LANGUAGE CODE
Language code of text/sound track or separate title alb
080 ## - UNIVERSAL DECIMAL CLASSIFICATION NUMBER
Universal Decimal Classification number 32/34
Common auxiliary subdivision (042.3)
245 10 - TITLE STATEMENT
Title Politikat Zhvillimore :
Statement of responsibility, etc KFOS
260 ## -
-- Prishtinë :
-- KFOS ;
-- 2006
300 ## -
-- 352 f. :
-- 24 cm.
490 ## -
-- Kosovo Foundation for Open Society
500 ## -
-- Parathënie f. : 5
650 #0 -
-- Politika botërore
650 #0 -
-- Politika ekonomike
650 #0 -
-- Legjislacioni
760 ## -
-- Kosovo Foundation for Open Society
942 ## - ADDED ENTRY ELEMENTS (KOHA)
Source of classification or shelving scheme
Item type Books
Holdings
Withdrawn status Lost status Source of classification or shelving scheme Damaged status Not for loan Collection code Permanent location Current location Shelving location Date acquired Total Checkouts Full call number Barcode Date last seen Price effective from Koha item type
          Koleksioni i përgjithshem UBT - Prishtine UBT - Prishtine Koleksioni i përgjithshem 10/16/2013   32/34 (042.3) POL 001-000125 10/16/2013 10/16/2013 Books
          Koleksioni i përgjithshem UBT - Prishtine UBT - Prishtine Koleksioni i përgjithshem 10/16/2013   32/34 (042.3) POL 001-000124 10/16/2013 10/16/2013 Books
          Koleksioni i përgjithshem UBT - Prishtine UBT - Prishtine Koleksioni i përgjithshem 10/16/2013   32/34 (042.3) POL 001-000123 10/16/2013 10/16/2013 Books
          Koleksioni i përgjithshem UBT - Prishtine UBT - Prishtine Koleksioni i përgjithshem 10/16/2013   32/34 (042.3) POL 001-000122 10/16/2013 10/16/2013 Books
UBT Library © 2015-2024. All rights reserved University Education for Business and Technology